000 00521 a2200169 4500
020 _c450.00
035 _aB-78834
037 _bRP-L-23 / UBH-03-04:SPL CH / RP-03-04:ENG
082 1 4 _a915.496
090 _c2644
_d2644
100 1 _aAitken, Bill
245 1 _aFoot loose in lthe Himalaya
_cby Bill Aitken
260 _aDelhi
_bPermanent Black
_c2003
300 _aviii, 258 p
_c22 cm (pbk)
942 _adpl
_cEN
_k915.496 / AIT
999 _c2601
_d2601